000 00489nmm a2200169Ia 4500
008 251105s9999||||xx |||||||||||||||||und||
020 _a847908796X
041 _aspa
100 _aVaello Esquerdo, E.
245 0 _aLas consecuencias jurídicas del delito
264 _a[Madrid, España] :
_bPublicaciones de la Universidad de Alicante,
_c2004
300 _a184 páginas
490 _aDerecho
650 _aLaw
856 _uhttps://public.digitaliapublishing.com/a/594
942 _cCF
999 _c73625
_d73625